| 000 | 01269nam a2200337 a 4500 | ||
|---|---|---|---|
| 001 | 1582858 | ||
| 005 | 20191212080334.0 | ||
| 008 | 191212s2017 ag gr 000 0 spa d | ||
| 020 | _a9789877450774 | ||
| 040 |
_aCO-BoUCM _bspa _cSaul Niño _dSaul Niño |
||
| 041 | 0 | _aspa | |
| 245 | 0 | 0 |
_aNuevos problemas de la justicia juvenil _cMary Beloff, Ma. Virginia Deymonnaz, Diego Freedman [y otros] ; directora Mary Beloff |
| 260 |
_aBuenos Aires (Argentina) _bAD-HOC _c2017 |
||
| 300 | _a401 páginas | ||
| 490 | 0 |
_aJusticia juvenil _v2 |
|
| 650 | 7 |
_aAdministración de justicia penal _zArgentina _98547 |
|
| 650 | 7 |
_aDelincuencia juvenil _zArgentina _97488 |
|
| 650 | 7 |
_aResponsabilidad penal _zArgentina _923684 |
|
| 650 | 7 |
_aAdministración de justicia para menores _zArgentina _98546 |
|
| 650 | 7 |
_aProblemas sociales _922324 |
|
| 700 | 1 |
_aBeloff, Mary _d1967- _999550 _edirector |
|
| 700 | 1 |
_aDeymonnaz, Virginia _999551 |
|
| 700 | 1 |
_aFreedman, Diego _999552 |
|
| 700 | 1 |
_aKierszenbaum, Mariano _999553 |
|
| 700 | 1 |
_aRosario, Iris _999554 |
|
| 700 | 1 |
_aSantoianni, Juan Pablo _999555 |
|
| 700 | 1 |
_aTerragni, Martiniano _999556 |
|
| 700 | 1 |
_aVuotto, Lorena _999557 |
|
| 942 |
_2DEWEY _a5 _cLIBRO _e1 _h364.36 _mN964p |
||
| 999 |
_c316095 _d316095 |
||